Early Childhood Development and Education Syllabus (Record no. 2256)

000 -LEADER
fixed length control field 00476nam a22001697a 4500
003 - CONTROL NUMBER IDENTIFIER
control field OSt
005 - DATE AND TIME OF LATEST TRANSACTION
control field 20160704131027.0
008 - FIXED-LENGTH DATA ELEMENTS--GENERAL INFORMATION
fixed length control field 160704b xxu||||| |||| 00| 0 eng d
020 ## - INTERNATIONAL STANDARD BOOK NUMBER
International Standard Book Number 9966310096
050 ## - LIBRARY OF CONGRESS CALL NUMBER
Classification number LB1139.35.K54 2008
100 ## - MAIN ENTRY--PERSONAL NAME
Personal name Kenya Institute of Education
245 ## - TITLE STATEMENT
Title Early Childhood Development and Education Syllabus
Statement of responsibility, etc Kenya Institute of Education
260 ## - PUBLICATION, DISTRIBUTION, ETC. (IMPRINT)
Place of publication, distribution, etc Nairobi
Name of publisher, distributor, etc K.I.E
Date of publication, distribution, etc 2008
300 ## - PHYSICAL DESCRIPTION
Extent xii, 84 p
504 ## - BIBLIOGRAPHY, ETC. NOTE
Bibliography, etc Includes Appendix
942 ## - ADDED ENTRY ELEMENTS (KOHA)
Source of classification or shelving scheme
Koha item type Book on Shortloan
Holdings
Withdrawn status Lost status Source of classification or shelving scheme Damaged status Not for loan Home library Current library Shelving location Date acquired Total Checkouts Full call number Barcode Date last seen Date checked out Copy number Price effective from Koha item type
          Riara University Library Riara University Library Short Loan 04/07/2016 10 LB1139.35.K54 2008 7587/16 28/02/2018 09/10/2017 C.1 04/07/2016 Book on Shortloan

Riara University Library,
P.O. Box 49940-00100,
Nairobi, Kenya.